000 01317cam a2200337 i 4500
999 _c40405
_d40405
001 40405
003 Mx-PuUPA
005 20201229194950.0
008 140415s2007 mx a gr 001 0 spa d
020 _a9789708170857
040 _aMx-PuUPA
_bspa
_cMx-PuUPA
_dMx-PuUPA
_erda
041 0 _aspa
100 1 _aMontufar Benítez, Marco A.,
_910134
_q(Marco Antonio)
_eautor
245 1 4 _aSolución de problemas en ingeniería con MATLAB /
_cMarco Antonio Montufar Benítez, Joselito Medina Marín
250 _aPrimera edición
264 4 _aMéxico, D.F. :
_bGrupo Editorial Patria,
_c©2007
300 _a136 páginas :
_bilustraciones ;
_c28 cm +
_e1 disco de computadora (4 3/4 pulg.)
336 _atexto
_2rdacontent
_btxt
337 _2rdamedia
_asin medio
_bn
337 _2computadora
_ardamedia
_bc
338 _2rdacarrier
_avolumen
_bnc
338 _2rdacarrier
_adisco de computadora
_bcd
650 4 _aMATLAB -Lenguajes de programación (Computadoras electrónicas)
650 4 _aAnálisis numérico
_xProcesamiento de datos
650 4 _aIngeniería matemática
_xProcesamiento de datos
700 1 _aMedina Marín, Joselito,
_eautor
942 _2ddc
_cLI
_h005.3684
_iM734